[Event "LTU-ch Rapid op"]
[Site "Vilnius"]
[Date "2021.07.17"]
[Round "6"]
[White "Juknis, Paulius"]
[Black "Sulskis, Sarunas"]
[Result "0-1"]
[WhiteElo "2093"]
[BlackElo "2538"]
[PlyCount "120"]
[EventDate "2021.07.17"]
[EventType "swiss (rapid)"]
[EventRounds "9"]
[EventCountry "LTU"]
[SourceTitle "EXT 2023"]
[Source "ChessBase"]
[SourceDate "2022.10.05"]
[SourceVersion "1"]
[SourceVersionDate "2022.10.05"]
[SourceQuality "1"]

1. e4 e6 2. d4 d5 3. Bd3 dxe4 4. Bxe4 Nf6 5. Bf3 Nc6 6. Be3 e5 7. Bxc6+ bxc6 8. dxe5 Qxd1+ 9. Kxd1 Ng4 10. Nf3 Ba6 11. Re1 0-0-0+ 12. Nbd2 Be7 13. h3 Nxe3+ 14. Rxe3 Bc5 15. Rc3 Bxf2 16. Rxc6 Bf1 17. Rc3 Rd5 18. Rd3 Bxd3 19. cxd3 Re8 20. Kc2 Red8 21. Ne4 Bd4 22. Rf1 Bxe5 23. Nxe5 Rxe5 24. Rxf7 Rd7 25. Rf8+ Kb7 26. b4 Kc6 27. Kc3 a5 28. a3 axb4+ 29. axb4 Rde7 30. g4 Re8 31. Rf7 R5e7 32. Rf5 Ra8 33. Rh5 g6 34. Rc5+ Kb6 35. Nf6 c6 36. Ne4 Ra3+ 37. Kc4 Ra1 38. h4 Rc1+ 39. Kd4 Rd7+ 40. Ke3 Rxc5 41. bxc5+ Kb5 42. h5 gxh5 43. gxh5 Kb4 44. Nf6 Rf7 45. Ne4 Rf5 46. h6 Rh5 47. Kd4 Rxh6 48. Ke5 Rg6 49. d4 Kc4 50. Nd6+ Kd3 51. d5 Rg5+ 52. Nf5 cxd5 53. c6 h5 54. c7 Rg8 55. Ne7 Re8 56. Kxd5 h4 57. Kd6 h3 58. Kd7 Rh8 59. Nc6 h2 60. Nd8 Rh7+ 0-1